Tableau des médailles olympiques - Paris 1900 - Statistiques

Statistiques générales
  • Ce quiz a été pris 13 fois
  • Le résultat moyen est 9 sur 12
Statistiques - réponses
Or Argent Bronze Total Pays % Correct
19 14 14 47 États-Unis
100%
26 41 34 101 France
100%
15 6 9 30 Grande-Bretagne
100%
3 2 0 5 Italie
100%
6 2 1 9 Suisse
91%
4 2 2 8 Allemagne
82%
2 0 3 5 Australie
82%
5 5 5 15 Belgique
73%
0 3 3 6 Autriche
55%
1 3 2 6 Danemark
55%
1 2 2 5 Hongrie
55%
6 3 3 12 Équipe mixte
27%
Aucun quiz correspondant
Distribution des résultats
% des personnes avec chaque résultat
Percentile par nombre de réponses
Votre historique - résultats
Vous n’avez pas pris ce quiz